Normale Ansicht MARC-Ansicht ISBD

Hitzige Debatte über Sanktionen und Inflation (Titelsatznr. 371915)

[ MARC ]
MARC-Details
000 -Satzkennung
Kontrollfeld mit fester Länge 00846nam a22001817a 4500
008 - Feld mit fester Länge zur physischen Beschreibung - Allgemeine Angaben
Kontrollfeld mit fester Länge 201127b ||||| |||| 00| 0 eng d
040 ## - Katalogisierungsquelle
Original-Katalogisierungsstelle DE-2950
Katalogisierungssprache ger
Übertragungsstelle DE-2950
Beschreibungsfestlegungen rda
041 ## - Sprachcode
Sprachcode des Textes/der Tonspur oder des separaten Titels ger
245 ## - Titel
Haupttitel Hitzige Debatte über Sanktionen und Inflation
Titelzusatz Protest. Warum gehen derzeit im Osten so viele Menschen auf die Straße? Bei einem Bürgertalk des rbb ging es auf der Suche nach Antworten lautstark zu. Gregor Gysi, AfD-Sympathisanten, OB und Ukraine-Flüchtlinge - es kamen viele zu Wort/
Verantwortlichkeitsangabe Phillipp Stepputis
264 ## - Veröffentlichungsangabe, Vertriebsangabe, Herstellungsangabe
Erscheinungs-, Vertriebs-, Herstellungsdatum 2022
653 ## - Lokales Schlagwort
Nicht-normierter Term Frankfurt (Oder)
653 ## - Lokales Schlagwort
Nicht-normierter Term Bürgertalk
773 ## - Übergeordnete Einheit
Ort, Verlag und Erscheinungsjahr Frankfurt (Oder) Märkisches Verlags- und Druckhaus GmbH & Co KG
Titel Märkische Oderzeitung
Verknüpfungsangaben 33. Jahrgang (2022) Nr. 245 vom 20.10.2022, S. 15; mit Foto
942 ## - Zusätzliche Felder (Koha)
Koha-Medientyp Aufsätze
Exemplare
Ausgeschieden Verloren Beschädigt Nicht entleihbar Permanenter Standort Aktueller Standort Aufstellungsort Eingabedatum Anzahl Ausleihen Signatur Letzte Aktivität Preis gültig von Medientyp
        Stadtarchiv Frankfurt (Oder) | Archivbibliothek Stadtarchiv Frankfurt (Oder) | Archivbibliothek Magazin 26/10/2022   Z2 26/10/2022 26/10/2022 Aufsätze